logo

Bir Sreshtho Munshi Abdur Rouf Library
Jhenaidah Cadet College

Dictionary of Astronomy and Astronautics / (Record no. 3423)

MARC details
000 -LEADER
fixed length control field 00614nam a2200229 a 4500
001 - CONTROL NUMBER
JCCL Control Number 3423
003 - CONTROL NUMBER IDENTIFIER
JCCL marc code BD-JhCC
005 - DATE AND TIME OF LATEST TRANSACTION
control field 20171113191235.0
008 - FIXED-LENGTH DATA ELEMENTS--GENERAL INFORMATION
fixed length control field 171113s1959 bg |||| ||a| 00| 0 eng d
035 ## - SYSTEM CONTROL NUMBER
system control number (BD-JhCC)3423
040 ## - CATALOGING SOURCE
Original cataloging agency BD-JhCC
Modifying agency BD-JhCC
041 ## - LANGUAGE CODE
Language code of Book eng
082 ## - DEWEY DECIMAL CLASSIFICATION NUMBER
Classification number 520.3
Author mark and Year SPI 1959
100 ## - MAIN ENTRY--PERSONAL NAME
Personal name Spitz, Armand
245 ## - TITLE STATEMENT
Title Dictionary of Astronomy and Astronautics /
Statement of responsibility, etc Armand Spitz, Frank Gaynor
260 ## - PUBLICATION, DISTRIBUTION, ETC. (IMPRINT)
Place of publication, distribution, etc New Jersey :
Name of publisher, distributor, etc Littlefield adams & co.
Date of publication, distribution, etc 1959.
300 ## - PHYSICAL DESCRIPTION
Pagination 439 p. :
Dimensions 22 cm.
650 ## - SUBJECT ADDED ENTRY--TOPICAL TERM
Topical term or geographic name as entry element Astronomy Dictionary
700 ## - ADDED ENTRY--PERSONAL NAME
Personal name Gaynor, Frank
942 ## - ADDED ENTRY ELEMENTS (KOHA)
Source of classification or shelving scheme Dewey Decimal Classification
Koha item type Books
Holdings
Source of classification or shelving scheme Damaged status Not for loan Home library Current library Shelving location Date of accession Total Checkouts Full call number Barcode Date last seen Copy number Koha item type
Dewey Decimal Classification     JCC Rouf Library JCC Rouf Library General Stacks 11/13/2017   520.3 SPI 1959 5148 11/13/2017 C-1 Books

JCC Library | Contacts | JCC Home

Last Update on 23 September 2017
Copyright @ 2017-2020 JCC Rouf Library
Rouf Library, Jhenidah Cadet College (JCC), Bangladesh